000 00384nam a22001217a 4500
999 _c9402
_d9402
003 OSt
008 201203b ||||| |||| 00| 0 eng d
245 _aAsian Textile Journal
250 _a2017( Feb Vol.26 No.2, Mar Vol.26 No.3, Apr Vol.26 No.4, May Vol.26 No.5, Jun Vol.26 No.6 )
260 _aMumbai
_bSB Dyesprings [INDIA] Pvt. Ltd.
650 _aTextile Engineering
942 _2ddc
_cBV